Statistics for SAT Vocabulary Words Starting With F

Click here to take the quiz!

General Stats

  • This quiz has been taken 11,898 times
  • The average score is 11 of 15

Answer Stats

QuestionAnswer% Correct
Feral (adjective)Describes domestic animals that have returned to the wild
91%
Falter (verb)To become unsteady; to weaken
89%
Farce (noun)A ludicrous comedy
87%
Fauna (noun)Animals considered as a group
86%
Facile (adjective)Overly simplistic
81%
Flippant (adjective)Overly casual; cheeky
78%
Forlorn (adjective)Sad because of being abandoned
77%
Fracas (noun)A noisy brawl
76%
Fealty (noun)Loyalty to a feudal lord
69%
Fungible (adjective)Able to be substituted for something of equal value
68%
Feckless (adjective)Irresponsible
65%
Fallow (adjective)Describes land that is left unplanted
62%
Furtive (adjective)Stealthy
53%
Fatuous (adjective)Obnoxiously stupid
44%
Fulsome (adjective)Excessively flattering
38%

Score Distribution

Percentile by Number Answered

Percent of People with Each Score

Your Score History

You have not taken this quiz